| 000 | 00440cam a2200193ua 4500 | ||
|---|---|---|---|
| 001 | 8755 | ||
| 008 | 150213n xxk |||gr||||Z||||||eng | ||
| 020 | _a9780099573685 | ||
| 040 | _cMAIN | ||
| 041 | _aeng | ||
| 082 | _a823N | ||
| 100 |
_aTwain, M., _eAuthor. |
||
| 245 | 1 |
_aAdventures of Tom Sawyer _cBy Mark Twain |
|
| 250 | _a1st. | ||
| 260 |
_aLondon: _bVintage, _c2012. |
||
| 300 | _a350p. | ||
| 653 | _aEnglish fiction | ||
| 942 | _cBK | ||
| 999 |
_c7852 _d7852 |
||